| 000 | 01185cam a2200373 a 4500 | ||
|---|---|---|---|
| 001 | 14349234 | ||
| 003 | OSt | ||
| 005 | 20140410082011.0 | ||
| 008 | 060421r20061997nyua b 000 1 eng | ||
| 010 | _a 2006013404 | ||
| 020 | _a0439626528 | ||
| 020 | _a9780439626521 | ||
| 040 |
_aDLC _cDLC _dDLC |
||
| 042 | _alcac | ||
| 050 | 0 | 0 |
_aPZ 7 _b.M478 2003 |
| 100 |
_aMcMullan,Kate _96752 |
||
| 245 | 1 | 4 |
_aThe new kid at school / _cby Kate McMullan. |
| 260 |
_aNew York : _bGrosset & Dunlap, _cc2003. |
||
| 300 |
_a109 p. : _bill. ; _c19 cm. |
||
| 490 | 1 | _aDragon Slayers' Academy | |
| 520 | _aWiglaf is off to Dragon Slayers' Academy and in for a first day of school he will never forget. | ||
| 521 | _aG3 | ||
| 526 | _c500 | ||
| 562 | _e1 | ||
| 650 | 1 |
_aDragons _vFiction. _923010 |
|
| 650 | 1 |
_aFirst day of school _vFiction. _923011 |
|
| 650 | 1 |
_aSchools _vFiction. _923012 |
|
| 700 | 1 |
_aBasso, Bill, _eill. _923013 |
|
| 800 | 1 |
_aMcMullan, Kate. _tDragon Slayers' Academy. _923014 |
|
| 906 |
_a7 _bcbc _corignew _d1 _eecip _f20 _gy-gencatlg |
||
| 942 |
_2lcc _cBK |
||
| 999 |
_c33448 _d33448 |
||